Topology (Record no. 90)

MARC details
000 -LEADER
fixed length control field 00404 a2200181 4500
001 - CONTROL NUMBER
control field 002493
003 - CONTROL NUMBER IDENTIFIER
control field OSt
005 - DATE AND TIME OF LATEST TRANSACTION
control field 20220128141115.0
008 - FIXED-LENGTH DATA ELEMENTS--GENERAL INFORMATION
fixed length control field
082 ## - DEWEY DECIMAL CLASSIFICATION NUMBER
Classification number 514
Item number M92T
100 1# - MAIN ENTRY--PERSONAL NAME
Personal name Munkres, James R.
245 1# - TITLE STATEMENT
Title Topology
Statement of responsibility, etc by James R. Munkers
250 ## - EDITION STATEMENT
Edition statement 2nd ed.
260 ## - PUBLICATION, DISTRIBUTION, ETC. (IMPRINT)
Place of publication, distribution, etc New Delhi
Name of publisher, distributor, etc PHI
Date of publication, distribution, etc 2000
300 ## - PHYSICAL DESCRIPTION
Extent 537p.
653 ## - INDEX TERM--UNCONTROLLED
Uncontrolled term Topology
942 ## - ADDED ENTRY ELEMENTS (KOHA)
Source of classification or shelving scheme Dewey Decimal Classification
Koha item type Books
Holdings
Withdrawn status Lost status Damaged status Not for loan Collection code Home library Current library Date acquired Source of acquisition Cost, normal purchase price Total Checkouts Full call number Barcode Date last seen Date checked out Price effective from Koha item type
        General Text Book Central University Of Rajasthan Central University Of Rajasthan 28/09/2010 MTH 295.00 15 514 M92T 2485 21/11/2024 09/10/2024 02/09/2020 Books
        General Text Book Central University Of Rajasthan Central University Of Rajasthan 28/09/2010 MTH 295.00 19 514 M92T 2486 21/11/2024 25/09/2023 02/09/2020 Books